[Event "POL-chT4 Slaskie"]
[Site "Poland"]
[Date "2008.05.17"]
[Round "7.4"]
[White "Lizak, Jacek"]
[Black "Wandzik, Wojciech"]
[Result "0-1"]
[WhiteElo "1858"]
[BlackElo "2009"]
[PlyCount "51"]
[EventDate "2008.02.10"]
[EventType "team-swiss"]
[EventRounds "9"]
[EventCountry "POL"]
[SourceTitle "EXT 2019"]
[Source "ChessBase"]
[SourceDate "2018.10.10"]
[SourceVersion "1"]
[SourceVersionDate "2018.10.10"]
[SourceQuality "1"]

1. e4 c5 2. Nf3 e6 3. d4 cxd4 4. Nxd4 Nc6 5. Nb3 Qc7 6. Nc3 a6 7. Be3 Bb4 8. Qd3 Nf6 9. f4 b5 10. Be2 d5 11. e5 Ne4 12. Bd2 Nxd2 13. Nxd2 Bc5 14. Nb3 Nb4 15. Qd1 Be3 16. a3 d4 17. axb4 dxc3 18. Qd3 cxb2 19. Rb1 Bb6 20. c4 bxc4 21. Qxc4 Qxc4 22. Bxc4 Be3 23. g3 Bb7 24. Rf1 Bg2 25. Rxb2 Bxf1 26. Bxf1 0-1

[Event "Gora Sw Anny op 1st"]
[Site "Gora Sw Anny"]
[Date "2008.02.24"]
[Round "9"]
[White "Pipala, Janusz"]
[Black "Lizak, Jacek"]
[Result "1-0"]
[WhiteElo "2055"]
[BlackElo "1858"]
[PlyCount "51"]
[EventDate "2008.02.18"]
[EventType "swiss"]
[EventRounds "9"]
[EventCountry "POL"]
[SourceTitle "CBM 122 Extra"]
[Source "ChessBase"]
[SourceDate "2008.03.04"]
[SourceVersion "1"]
[SourceVersionDate "2008.03.04"]
[SourceQuality "1"]

1. Nf3 e6 2. c4 c6 3. Nc3 d5 4. d4 Nf6 5. Bg5 dxc4 6. e4 b5 7. Be2 Bb4 8. e5 h6 9. exf6 hxg5 10. fxg7 Rg8 11. h4 gxh4 12. Rxh4 Rxg7 13. Rh8+ Bf8 14. Ne4 Nd7 15. Qd2 Rxg2 16. Nd6+ Ke7 17. Qf4 Nf6 18. Nxf7 Qd5 19. Rxf8 Kxf8 20. Qxf6 Qh5 21. Nh6+ Ke8 22. Qh8+ Kd7 23. Ne5+ Qxe5 24. dxe5 Rg1+ 25. Bf1 c5 26. 0-0-0+ 1-0

[Event "Gora Sw Anny op 1st"]
[Site "Gora Sw Anny"]
[Date "2008.02.23"]
[Round "8"]
[White "Lizak, Jacek"]
[Black "Strzep, Marek"]
[Result "1-0"]
[WhiteElo "1858"]
[BlackElo "1870"]
[PlyCount "83"]
[EventDate "2008.02.18"]
[EventType "swiss"]
[EventRounds "9"]
[EventCountry "POL"]
[SourceTitle "CBM 122 Extra"]
[Source "ChessBase"]
[SourceDate "2008.03.04"]
[SourceVersion "1"]
[SourceVersionDate "2008.03.04"]
[SourceQuality "1"]

1. e4 e5 2. Nf3 Nc6 3. c3 d5 4. Qa4 dxe4 5. Nxe5 Bd7 6. Nxd7 Qxd7 7. Qxe4+ Qe7 8. Qxe7+ Ngxe7 9. d4 0-0-0 10. Bc4 Nd5 11. 0-0 Na5 12. Bb5 a6 13. Ba4 Bd6 14. Nd2 Nf4 15. g3 Ne2+ 16. Kg2 h5 17. Bd1 Nxc1 18. Rxc1 Nc6 19. Bf3 Ne7 20. Ne4 f6 21. Nxd6+ Rxd6 22. Rfe1 Nd5 23. h4 c6 24. Re2 g6 25. Rce1 Rdd8 26. Bxd5 Rxd5 27. Re8+ Rd8 28. Rxh8 Rxh8 29. Re7 Rg8 30. Rh7 f5 31. f3 Re8 32. Kf2 Re6 33. Rg7 Kb8 34. c4 Ka7 35. c5 a5 36. a4 Ka6 37. Rd7 Ka7 38. Rd6 Rxd6 39. cxd6 Kb8 40. Ke3 Kc8 41. Kf4 Kd7 42. Kg5 1-0

[Event "Gora Sw Anny op 1st"]
[Site "Gora Sw Anny"]
[Date "2008.02.18"]
[Round "2"]
[White "Lizak, Jacek"]
[Black "Galicki, Ryszard"]
[Result "0-1"]
[WhiteElo "1858"]
[BlackElo "2047"]
[PlyCount "64"]
[EventDate "2008.02.18"]
[EventType "swiss"]
[EventRounds "9"]
[EventCountry "POL"]
[SourceTitle "CBM 122 Extra"]
[Source "ChessBase"]
[SourceDate "2008.03.04"]
[SourceVersion "1"]
[SourceVersionDate "2008.03.04"]
[SourceQuality "1"]

1. e4 c5 2. Nf3 Nc6 3. d4 cxd4 4. Nxd4 Nf6 5. Nxc6 bxc6 6. Bd3 g6 7. 0-0 d6 8. Bg5 Bg7 9. Nc3 h6 10. Bd2 0-0 11. Kh1 Ng4 12. Be2 h5 13. h3 Nh6 14. f4 f5 15. Bf3 Qc7 16. Rb1 Rb8 17. Qc1 Kh7 18. Ne2 fxe4 19. Bxe4 d5 20. Bd3 Bf5 21. Be3 c5 22. Ng3 Bxd3 23. cxd3 h4 24. Ne2 Rbc8 25. Qe1 Nf5 26. Bf2 Bf6 27. b3 d4 28. Qd2 Qd6 29. Kg1 e5 30. fxe5 Qxe5 31. Rbe1 Ne3 32. Nc3 Nxf1 0-1

[Event "POL-chT3 Liga Slaska"]
[Site "Poland"]
[Date "2007.02.11"]
[Round "3"]
[White "Lizak, Jacek"]
[Black "Grygierczyk, Wojciech"]
[Result "0-1"]
[WhiteElo "1902"]
[BlackElo "1736"]
[PlyCount "74"]
[EventDate "2007.01.28"]
[EventType "team-swiss"]
[EventRounds "9"]
[EventCountry "POL"]
[SourceTitle "EXT 2011"]
[Source "ChessBase"]
[SourceDate "2010.11.26"]
[SourceVersion "1"]
[SourceVersionDate "2010.11.26"]
[SourceQuality "1"]
[WhiteTeam "Gory Strzybniczanka Tarnowskie"]
[BlackTeam "Katowice UKS Palac Mlodziezy"]
[WhiteTeamCountry "POL"]
[BlackTeamCountry "POL"]

1. e4 e6 2. d4 d5 3. Nc3 Nf6 4. Bg5 Be7 5. exd5 exd5 6. Qd2 Bf5 7. 0-0-0 0-0 8. f3 c6 9. g4 Be6 10. Bd3 b5 11. Kb1 Nbd7 12. Nce2 Nb6 13. Nf4 Bd7 14. Re1 Nc4 15. Bxc4 bxc4 16. c3 Re8 17. Nge2 Rb8 18. Ka1 a5 19. Ng3 a4 20. a3 Rb3 21. Rxe7 Qxe7 22. Nfh5 Rxa3+ 23. Kb1 Rb3 24. Bxf6 Qe3 25. Bg5 Qxd2 26. Bxd2 a3 27. Bc1 axb2 28. Bd2 c5 29. dxc5 Ra8 30. Kc2 Ra1 31. Rb1 Rxb1 32. Kxb1 Rb7 33. Nf4 Ba4 34. Bc1 Bc2+ 35. Kxc2 b1Q+ 36. Kd2 Qa2+ 37. Ke3 Qc2 0-1